000 00358nam a22000977a 4500
008 160319b xxu||||| |||| 00| 0 eng d
100 _aErler, Martin
245 _aKatalog der Stempelmarken von Deutschland Vol 17 Freight Stamps, Newspaper
_bFreight, newspaper seat reservation and Tax substitute
260 _aIcking, Germany
_bORA Verlag
_c1999
650 _arevenues
999 _c1835
_d1835